[Event "Oslo Open 2016"]
[Site "Fornebu NOR"]
[Date "2016.10.05"]
[Round "8.6"]
[White "Mihajlov, Sebastian"]
[Black "Abdumalik, Zhansaya"]
[Result "1/2-1/2"]
[WhiteTitle "FM"]
[BlackTitle "WGM"]
[WhiteElo "2356"]
[BlackElo "2389"]
[WhiteFideId "1512110"]
[BlackFideId "13703544"]
[EventDate "2016.09.30"]

1. d4 Nf6 2. c4 g6 3. Nc3 d5 4. cxd5 Nxd5 5. e4 Nxc3 6. bxc3 Bg7 7. Bc4 c5 8.
Ne2 O-O 9. O-O Nc6 10. Be3 b6 11. Qd2 Bb7 12. Rab1 Rc8 13. Rfc1 e6 14. f3 Na5
15. Bd3 c4 16. Bc2 e5 17. d5 Qd6 18. Ng3 1/2-1/2

[Event "Oslo Open 2016"]
[Site "Fornebu NOR"]
[Date "2016.10.05"]
[Round "8.7"]
[White "Moiseenko, Alexander"]
[Black "Welling, Gerard"]
[Result "1/2-1/2"]
[WhiteTitle "GM"]
[BlackTitle "IM"]
[WhiteElo "2648"]
[BlackElo "2319"]
[WhiteFideId "14102560"]
[BlackFideId "1000446"]
[EventDate "2016.09.30"]

1. d4 d5 2. c4 Nc6 3. cxd5 Qxd5 4. e3 e5 5. Nc3 Bb4 6. Bd2 Bxc3 7. Bxc3 exd4 8.
Ne2 Nge7 9. Nxd4 Nxd4 10. Qxd4 Qxd4 11. Bxd4 f6 12. Rc1 Nc6 13. Bc3 Be6 14. a3
O-O-O 15. Bb5 Rd6 16. Rd1 Rhd8 17. Rxd6 Rxd6 18. Ke2 Bf5 19. f3 a6 20. Ba4 b5
21. Bb3 Be6 22. Bxe6+ Rxe6 23. g4 Ne7 24. Bd4 Nc6 25. Bc3 Ne7 26. h4 c5 27. Rd1
Kc7 28. e4 Rd6 29. g5 Rxd1 30. Kxd1 fxg5 31. hxg5 g6 32. Ke2 Kd6 33. f4 Nc6 34.
f5 gxf5 35. exf5 Ne7 36. f6 Nd5 37. Bd2 Ke6 38. Kd3 Nb6 39. Be3 Nd7 40. Ke4 a5
41. b3 b4 42. a4 c4 43. bxc4 b3 44. Bd4 Nc5+ 45. Ke3 Nxa4 46. Kd3 Kf7 47. Kd2
Kg6 48. Kc1 Kf7 49. Kb1 Kg6 50. Kc1 Kf7 51. Kd2 Kg6 52. Kd3 Kf7 53. c5 Nxc5+ 54.
Bxc5 h6 55. gxh6 Kxf6 56. Kc3 Kg6 57. Be3 a4 58. Kb2 Kh7 59. Ka3 Kg6 60. Bc1 Kh7
61. Kxa4 b2 62. Bxb2 Kxh6 1/2-1/2

[Event "Oslo Open 2016"]
[Site "Fornebu NOR"]
[Date "2016.10.05"]
[Round "8.8"]
[White "Sahl, Sheila Barth"]
[Black "Elsness, Frode"]
[Result "0-1"]
[WhiteTitle "WIM"]
[BlackTitle "IM"]
[WhiteElo "2181"]
[BlackElo "2444"]
[WhiteFideId "1500953"]
[BlackFideId "1501100"]
[EventDate "2016.09.30"]

1. e4 e5 2. Nf3 Nc6 3. d4 exd4 4. Bc4 Nf6 5. e5 d5 6. Bb5 Ne4 7. Nxd4 Bc5 8. Be3
Bd7 9. Bxc6 bxc6 10. O-O Bb6 11. f3 Nc5 12. f4 Qe7 13. Re1 O-O 14. Nd2 f6 15.
Qh5 fxe5 16. Qxe5 Qf7 17. Qg5 Rae8 18. N2f3 Ne4 19. Qh4 c5 20. Ne2 d4 21. Ne5 g5
22. Qh6 Rxe5 23. fxe5 dxe3 24. Rf1 Qg7 25. Qxg7+ Kxg7 26. Rxf8 Kxf8 27. c4 Ba5
28. h3 Ke7 29. a3 Be6 30. b3 Nd2 31. b4 Bb6 32. Ng3 Bxc4 33. Nf5+ Ke6 34. Nxe3
cxb4 35. Kf2 b3 0-1

[Event "Oslo Open 2016"]
[Site "Fornebu NOR"]
[Date "2016.10.05"]
[Round "8.9"]
[White "Krupenski, Juri"]
[Black "Sousa, Ludy Helsio Paulo"]
[Result "1/2-1/2"]
[WhiteTitle "FM"]
[WhiteElo "2423"]
[BlackElo "2174"]
[WhiteFideId "4501101"]
[BlackFideId "1504134"]
[EventDate "2016.09.30"]

1. e4 c5 2. Nf3 a6 3. c3 d6 4. d4 Nd7 5. Bd3 Qc7 6. O-O g6 7. Re1 Bg7 8. a4 e5
9. dxe5 Nxe5 10. Nxe5 dxe5 11. Nd2 Nf6 12. Nc4 Be6 13. a5 Rd8 14. Qf3 h6 15. Bf1
Nd7 16. Qg3 O-O 17. Ne3 Nf6 18. Nc4 Nh5 19. Qf3 Kh7 20. Ne3 Nf4 21. g3 Nd3 22.
Bxd3 Rxd3 23. Nd5 Rxf3 24. Nxc7 Bh3 25. Re3 Rd8 26. Nd5 Bg4 27. Kg2 Rxe3 28.
Bxe3 c4 29. f3 Be6 30. Nc7 Bd7 31. g4 Bc6 32. Kf2 Bf6 33. Ke2 Be7 34. Bb6 Rd3
35. Rd1 Rxd1 36. Kxd1 f5 37. Nd5 Bd6 1/2-1/2

[Event "Oslo Open 2016"]
[Site "Fornebu NOR"]
[Date "2016.10.05"]
[Round "8.10"]
[White "Ranaldi, Lucas"]
[Black "Devereaux, Maxim L"]
[Result "0-1"]
[BlackTitle "IM"]
[WhiteElo "2176"]
[BlackElo "2374"]
[WhiteFideId "1519484"]
[BlackFideId "408280"]
[EventDate "2016.09.30"]

1. d4 e6 2. c4 f5 3. g3 Nf6 4. Bg2 Be7 5. Nf3 d6 6. O-O O-O 7. Nc3 Ne4 8. Qc2
Nxc3 9. bxc3 Nc6 10. e4 e5 11. d5 Na5 12. exf5 Bxf5 13. Qe2 b6 14. Nd2 Qd7 15.
Nb3 Qa4 16. Nxa5 Qxa5 17. Bd2 Rf7 18. f4 Raf8 19. g4 Bc8 20. f5 Ba6 21. Be4 Qc5+
22. Be3 Qxc4 23. Qc2 Qe2 24. Rf3 Qxc2 25. Bxc2 Bc4 26. Be4 c6 27. dxc6 d5 28.
Bc2 Rc8 29. a4 e4 30. Rf2 Bh4 31. Rg2 Bf6 32. Ra3 Rxc6 33. Bb3 Bxb3 34. Rxb3
Rxc3 35. Rxc3 Bxc3 36. Rc2 d4 37. Bf2 g6 38. fxg6 hxg6 39. Kg2 Rd7 40. Be3 a6
41. Kg3 b5 42. axb5 axb5 43. Kf4 b4 44. Bc1 b3 45. Rg2 e3 46. Bb2 Rf7+ 47. Ke4
Rf2 0-1

[Event "Oslo Open 2016"]
[Site "Fornebu NOR"]
[Date "2016.10.05"]
[Round "8.11"]
[White "Hobber, Anders"]
[Black "Dahl, Trygve"]
[Result "1-0"]
[WhiteTitle "FM"]
[WhiteElo "2331"]
[BlackElo "2167"]
[WhiteFideId "1505424"]
[BlackFideId "1513427"]
[EventDate "2016.09.30"]

1. d4 f5 2. Nc3 Nf6 3. Bf4 e6 4. e3 d6 5. Bd3 Nc6 6. Nf3 h6 7. e4 g5 8. Be3 f4
9. Bd2 e5 10. Bb5 exd4 11. Nxd4 Bd7 12. Nxc6 Bxc6 13. Bxc6+ bxc6 14. h4 Bg7 15.
hxg5 hxg5 16. Rxh8+ Bxh8 17. Qe2 Qe7 18. O-O-O Bg7 19. Qc4 c5 20. g3 Qe5 21.
gxf4 gxf4 22. Nb5 Nxe4 23. Nxc7+ Kd8 24. Ne6+ Ke7 25. Nxg7 d5 26. Qe2 f3 27. Qa6
Rg8 28. Qxa7+ Kf6 29. Rg1 Nxd2 30. Qb6+ Kf7 31. Qb7+ Kf6 32. Qc6+ Kf7 33. Qd7+
Kf6 34. Kxd2 Rb8 35. Nh5+ Qxh5 36. Qd6+ 1-0

[Event "Oslo Open 2016"]
[Site "Fornebu NOR"]
[Date "2016.10.05"]
[Round "8.12"]
[White "Hansen, Torbjorn Ringdal"]
[Black "Machlik, Edit"]
[Result "1-0"]
[WhiteTitle "GM"]
[WhiteElo "2457"]
[BlackElo "2056"]
[WhiteFideId "1501720"]
[BlackFideId "1513591"]
[EventDate "2016.09.30"]

1. c4 c5 2. g3 Nc6 3. Bg2 g6 4. Nc3 Bg7 5. Nf3 Nh6 6. h4 Ng4 7. h5 O-O 8. d3 d6
9. Bd2 Bd7 10. Nh2 Nf6 11. hxg6 hxg6 12. Qc1 Re8 13. Bh6 Rb8 14. Nd5 e6 15. Bxg7
Kxg7 16. Nxf6 Qxf6 17. Ng4 Qd4 18. Qh6+ Kg8 19. O-O-O Red8 20. Qg5 Be8 21. e3
Qg7 22. Nf6+ Kf8 23. Rh7 1-0

[Event "Oslo Open 2016"]
[Site "Fornebu NOR"]
[Date "2016.10.05"]
[Round "8.13"]
[White "Rebers, Eugene"]
[Black "Bracker, Frank"]
[Result "0-1"]
[WhiteTitle "FM"]
[BlackTitle "IM"]
[WhiteElo "2156"]
[BlackElo "2427"]
[WhiteFideId "1007556"]
[BlackFideId "24614343"]
[EventDate "2016.09.30"]

1. Nf3 Nf6 2. g3 e6 3. Bg2 d5 4. O-O Be7 5. d3 O-O 6. Nbd2 c5 7. e4 Nc6 8. Re1
Re8 9. e5 Nd7 10. Nf1 b5 11. h4 a5 12. Bf4 b4 13. c4 bxc3 14. bxc3 Ba6 15. Ne3
Bf8 16. c4 Nb6 17. cxd5 exd5 18. a3 Bc8 19. d4 c4 20. Nc2 h6 21. Bd2 Be6 22. Nh2
Rb8 23. f4 Na4 24. Rf1 Nb2 25. Qf3 Rb3 26. Be3 Bf5 27. Qf2 Bxc2 28. Qxc2 Rxe3
29. Qxb2 Rd3 30. Rfd1 Bxa3 31. Qb5 Nxd4 32. Qxd5 Ne2+ 33. Kf2 Rxd5 34. Bxd5 Qb6+
35. Kxe2 Qb2+ 36. Kf3 Bc5 37. Nf1 h5 38. Nd2 c3 39. Nb3 Qf2+ 40. Ke4 Qe2+ 41.
Kf5 g6+ 42. Kg5 Qg4+ 43. Kh6 Bf8# 0-1

[Event "Oslo Open 2016"]
[Site "Fornebu NOR"]
[Date "2016.10.05"]
[Round "8.14"]
[White "Derakhshani, Dorsa"]
[Black "Holleland, Sigve"]
[Result "0-1"]
[WhiteTitle "WIM"]
[WhiteElo "2405"]
[BlackElo "2052"]
[WhiteFideId "12500330"]
[BlackFideId "1513672"]
[EventDate "2016.09.30"]

1. e4 c5 2. Nc3 d6 3. f4 Nf6 4. Nf3 g6 5. d3 Bg7 6. h3 Nc6 7. g4 e6 8. Bg2 a6 9.
O-O Rb8 10. Qe1 b5 11. f5 b4 12. Nd1 h6 13. fxg6 fxg6 14. g5 hxg5 15. Bxg5 e5
16. Bh4 O-O 17. Ne3 Qe8 18. Nd5 Nxd5 19. exd5 Nd4 20. Nxd4 cxd4 21. Qg3 Bf5 22.
Bg5 Rc8 23. Rf2 Rc7 24. h4 Qc8 25. Rc1 Rff7 26. Kh1 Rc5 27. h5 gxh5 28. Bf3 Bxd3
29. Rh2 Bxc2 30. Rg1 Qf5 31. Bh6 Rcc7 32. Bg2 Be4 33. Qh4 Bxg2+ 34. Rhxg2 Kh7
35. Bd2 Bf6 36. Rg5 Qf3+ 37. Kh2 Bxg5 38. Qxg5 Rg7 39. Qh6+ Kg8 40. Qe6+ Rf7 41.
Bg5 Qf5 42. Qe8+ Kh7 43. Qd8 Rd7 44. Qe8 Rdf7 45. Qd8 Qc2+ 46. Kh3 Rf3+ 0-1

[Event "Oslo Open 2016"]
[Site "Fornebu NOR"]
[Date "2016.10.05"]
[Round "8.15"]
[White "Arvola, Benjamin"]
[Black "Gronn, Eskil Ekeland"]
[Result "1-0"]
[WhiteTitle "FM"]
[WhiteElo "2346"]
[BlackElo "1958"]
[WhiteFideId "1506536"]
[BlackFideId "1507010"]
[EventDate "2016.09.30"]

1. e4 c5 2. Nf3 d6 3. d4 cxd4 4. Nxd4 Nf6 5. Nc3 Nc6 6. Be2 e5 7. Nb3 h6 8. O-O
Be7 9. f4 O-O 10. Kh1 Be6 11. Bf3 Qd7 12. f5 Bxb3 13. axb3 Nd4 14. Be3 Nxf3 15.
Rxf3 a6 16. Qd2 Ng4 17. Nd5 Nxe3 18. Qxe3 Bg5 19. Qf2 Qd8 20. Rf1 Bf6 21. b4 Rc8
22. b3 b5 23. c3 Rc6 24. Qa7 Qa8 25. Nxf6+ gxf6 26. Qe3 1-0

[Event "Oslo Open 2016"]
[Site "Fornebu NOR"]
[Date "2016.10.05"]
[Round "8.17"]
[White "Rishovd, Svein"]
[Black "Haugli, Petter"]
[Result "1/2-1/2"]
[BlackTitle "IM"]
[WhiteElo "2101"]
[BlackElo "2257"]
[WhiteFideId "1513060"]
[BlackFideId "1500104"]
[EventDate "2016.09.30"]

1. Nf3 d5 2. d4 Nf6 3. c4 c6 4. g3 Bf5 5. Nc3 e6 6. Nh4 Bg6 7. Nxg6 hxg6 8. Qd3
Nbd7 9. Bg2 Be7 10. O-O O-O 11. b3 Qa5 12. Bd2 Qa6 13. Rfc1 Rfd8 14. Nd1 c5 15.
cxd5 Qxd3 16. exd3 Nxd5 17. Ne3 Bf6 18. Nxd5 exd5 19. Bxd5 Bxd4 20. Bxb7 Rab8
21. Bg2 Bxa1 22. Rxa1 Nf6 23. Bf4 Rb5 24. Rc1 Nd5 25. Bg5 f6 26. Be3 Nxe3 27.
fxe3 Ra5 28. a4 Rxd3 29. Bf1 Rxe3 30. Bc4+ Kf8 31. Kf2 Re5 32. Kf3 f5 33. h4 Ke7
34. Rc2 Re4 35. Rc3 Kf6 36. Rc2 g5 37. hxg5+ Kxg5 38. Rc1 Kf6 39. Rc2 Ke5 40.
Rc3 g5 41. Rc2 g4+ 42. Kf2 f4 43. Rc3 Rd4 44. Rc1 Rd2+ 45. Ke1 Rh2 46. gxf4+
Kxf4 47. Rc3 Rh1+ 48. Kf2 Rh2+ 49. Kg1 Rd2 50. Kf1 g3 51. Kg1 g2 52. Bb5 a6 53.
Bc6 c4 54. Rxc4+ Ke3 55. Rg4 Rc5 56. Bxg2 a5 57. Bf1 Rc1 58. Rg5 Rdd1 59. Rf5
Kd4 60. Kg2 Rd2+ 61. Kg3 Rc3+ 62. Kg4 Rd1 63. Bc4 Rxc4 1/2-1/2

[Event "Oslo Open 2016"]
[Site "Fornebu NOR"]
[Date "2016.10.05"]
[Round "8.18"]
[White "Ronneland, Daniel"]
[Black "Olsen, Ulrik"]
[Result "1-0"]
[WhiteElo "2192"]
[BlackElo "1871"]
[WhiteFideId "1702130"]
[BlackFideId "1510541"]
[EventDate "2016.09.30"]

1. e4 e5 2. Nf3 Nc6 3. Bb5 a6 4. Ba4 Nf6 5. O-O Be7 6. Re1 b5 7. Bb3 O-O 8. a4
Rb8 9. axb5 axb5 10. c3 d6 11. h3 Be6 12. d4 Bxb3 13. Qxb3 b4 14. d5 bxc3 15.
Qxc3 Nb4 16. Ra4 c5 17. dxc6 Qb6 18. c7 1-0

[Event "Oslo Open 2016"]
[Site "Fornebu NOR"]
[Date "2016.10.05"]
[Round "8.19"]
[White "Tryggestad, Andreas Garberg"]
[Black "Nilsen, Tobias Lang"]
[Result "1-0"]
[WhiteElo "2224"]
[BlackElo "1941"]
[WhiteFideId "1513338"]
[BlackFideId "1521624"]
[EventDate "2016.09.30"]

1. e4 c5 2. c3 e6 3. d4 cxd4 4. cxd4 d5 5. e5 Nc6 6. Nc3 a6 7. Be3 Nge7 8. Bd3
Qb6 9. Qd2 Bd7 10. Nge2 Ng6 11. O-O Ngxe5 12. dxe5 d4 13. Nxd4 Nxd4 14. Bb1 Bc5
15. Ne4 Bb5 16. Nxc5 Bxf1 17. Bxd4 Bc4 18. Ne4 Qc6 19. Nd6+ Kf8 20. Qb4 Bd5 21.
Nc8+ 1-0

[Event "Oslo Open 2016"]
[Site "Fornebu NOR"]
[Date "2016.10.05"]
[Round "8.20"]
[White "Byrne, Alex"]
[Black "Terbe, Zsuzsanna"]
[Result "1-0"]
[BlackTitle "WFM"]
[WhiteElo "1955"]
[BlackElo "2160"]
[WhiteFideId "2508788"]
[BlackFideId "708801"]
[EventDate "2016.09.30"]

1. e4 c5 2. Nf3 Nc6 3. d4 cxd4 4. Nxd4 Nf6 5. Nc3 e5 6. Ndb5 d6 7. Bg5 a6 8. Na3
Be6 9. Nc4 Rb8 10. Qd2 Be7 11. Bxf6 gxf6 12. O-O-O Nd4 13. Nd5 Bxd5 14. exd5 f5
15. Kb1 b5 16. Na3 f4 17. c3 Nf5 18. Bd3 Qd7 19. Qc2 Ng7 20. g3 fxg3 21. hxg3 h6
22. f4 Bf6 23. Rhf1 Ke7 24. Rde1 Rhf8 25. Qf2 Ne8 26. Nc2 a5 27. Nd4 1-0

[Event "Oslo Open 2016"]
[Site "Fornebu NOR"]
[Date "2016.10.05"]
[Round "8.21"]
[White "Robertsen, Bjorn"]
[Black "Tolhuizen, Ludo"]
[Result "1/2-1/2"]
[WhiteElo "1943"]
[BlackElo "2148"]
[WhiteFideId "1521632"]
[BlackFideId "1000802"]
[EventDate "2016.09.30"]

1. d4 d5 2. c4 c6 3. Nf3 Nf6 4. e3 e6 5. Nc3 a6 6. Bd3 dxc4 7. Bxc4 c5 8. O-O b5
9. Be2 Bb7 10. Qb3 Nbd7 11. a4 b4 12. Nb1 Bd5 13. Qd1 Be7 14. Nbd2 O-O 15. b3
Ne4 16. Nxe4 Bxe4 17. Bb2 Bd5 18. Nd2 cxd4 1/2-1/2

[Event "Oslo Open 2016"]
[Site "Fornebu NOR"]
[Date "2016.10.05"]
[Round "8.22"]
[White "Van den Bersselaar, Jeroen"]
[Black "Ingebretsen, Jens E"]
[Result "1/2-1/2"]
[WhiteElo "2143"]
[BlackElo "1925"]
[WhiteFideId "1006282"]
[BlackFideId "1522965"]
[EventDate "2016.09.30"]

1. d4 d5 2. c4 c6 3. Nf3 Nf6 4. Nbd2 Bf5 5. Nh4 Be4 6. e3 e6 7. f3 Nh5 8. g3 Bg6
9. Qb3 Na6 10. Nxg6 hxg6 11. Bg2 Be7 12. O-O Qc7 13. f4 f5 14. Nf3 Bf6 15. Bd2
O-O 16. Rac1 Qd7 17. Kf2 Qe7 18. Rg1 Rad8 19. h3 Kh8 20. Be1 c5 21. cxd5 cxd4
22. exd4 Rxd5 23. Ne5 Bxe5 24. dxe5 Nc5 25. Qc4 Nd3+ 26. Kf1 Rc5 27. Qxd3 Rxc1
28. Bf3 Qc7 29. Qe3 Qc5 30. Qxc5 Rxc5 31. Rg2 Rfc8 32. Bxb7 Rb8 33. Bf3 Rc1 34.
b3 Rd8 35. Kf2 Ra1 36. Be2 Rxa2 37. Kf3 g5 38. fxg5 g6 39. Bc4 Rxg2 40. Kxg2 Ng7
41. Bb4 Ra8 42. Ba5 Kg8 43. g4 fxg4 44. hxg4 Kf7 45. Kf3 Rh8 1/2-1/2

[Event "Oslo Open 2016"]
[Site "Fornebu NOR"]
[Date "2016.10.05"]
[Round "8.23"]
[White "Smeby, Ole"]
[Black "Djurhuus, Eivind X"]
[Result "1/2-1/2"]
[WhiteElo "1888"]
[BlackElo "2127"]
[WhiteFideId "1503677"]
[BlackFideId "1515721"]
[EventDate "2016.09.30"]

1. d4 e6 2. Nf3 f5 3. Nc3 d5 4. Bg5 Nf6 5. Bxf6 Qxf6 6. a3 c6 7. Qd2 Bd6 8. e3
Nd7 9. O-O-O O-O 10. Be2 b5 11. Na2 a5 12. c3 Ba6 13. Ne1 c5 14. Kb1 b4 15. Bxa6
Rxa6 16. dxc5 bxc3 17. Nxc3 Nxc5 18. Ka2 Rb8 19. Nd3 Nxd3 20. Qxd3 Rab6 21. Rd2
Qe7 22. Na4 Rb5 23. Rc1 Qb7 24. Qc2 Rb3 25. Rd3 Rb5 26. Rd2 Be5 27. f4 Bf6 28.
Rb1 Rc8 29. Qd3 Qc6 30. Rc2 Qxc2 31. Qxb5 Qc4+ 32. Qxc4 Rxc4 33. Kb3 Re4 34. Re1
Bd4 35. Nc3 Rxe3 36. Rxe3 Bxe3 37. g3 g5 38. Ne2 gxf4 39. gxf4 Kf7 40. Kc3 Ke7
41. Kd3 Bc5 42. h3 Kd6 43. Ng3 Bf2 44. Ne2 e5 45. fxe5+ Kxe5 46. Nc3 Bc5 47. Na4
Be7 48. Nc3 f4 49. Ne2 Bc5 50. h4 h5 51. Kd2 Be7 52. Kd3 Bxh4 53. b4 axb4 54.
axb4 Bf2 55. Nc1 f3 56. Nb3 h4 57. b5 h3 58. Nd2 Kf4 59. Nf1 Bg1 60. Kd2 h2 61.
Nxh2 Bxh2 62. b6 Ke4 63. b7 d4 1/2-1/2

[Event "Oslo Open 2016"]
[Site "Fornebu NOR"]
[Date "2016.10.05"]
[Round "8.24"]
[White "Kvendseth, Cornelius"]
[Black "Lund, Terje"]
[Result "0-1"]
[WhiteElo "1879"]
[BlackElo "2103"]
[WhiteFideId "1517309"]
[BlackFideId "1504754"]
[EventDate "2016.09.30"]

1. Nf3 e6 2. d4 Nf6 3. g3 b5 4. Bg2 Bb7 5. O-O c5 6. c3 d5 7. a4 b4 8. dxc5 bxc3
9. Nxc3 Bxc5 10. Bf4 O-O 11. Qb3 Qb6 12. Qxb6 axb6 13. Rfb1 Nc6 14. Ne5 Nxe5 15.
Bxe5 Ng4 16. Bf4 Nxf2 17. Kf1 Ng4 18. h3 Ne3+ 19. Bxe3 Bxe3 20. Ra3 Bd4 21. Nd1
Bc6 22. Rd3 Rxa4 0-1

[Event "Oslo Open 2016"]
[Site "Fornebu NOR"]
[Date "2016.10.05"]
[Round "8.25"]
[White "Lindbol, Aleksander"]
[Black "Gonzalez, Francisco Silva"]
[Result "1-0"]
[WhiteElo "1855"]
[BlackElo "2086"]
[WhiteFideId "1520644"]
[BlackFideId "1512285"]
[EventDate "2016.09.30"]

1. e4 e5 2. Nf3 Nc6 3. Bc4 Bc5 4. c3 Qe7 5. O-O d6 6. d4 Bb6 7. Be3 Nf6 8. Nbd2
Bg4 9. Qc2 h6 10. Rfe1 g5 11. a4 a6 12. b4 a5 13. d5 Nb8 14. Bxb6 cxb6 15. Be2
Qc7 16. Qd3 Nbd7 17. Nc4 Rc8 18. Rac1 Kf8 19. Qe3 Bh5 20. Na3 Bg6 21. Nb5 Qb8
22. Nd2 Kg7 23. f3 Ne8 24. Nc4 f5 25. exf5 Bxf5 26. Nxb6 Nxb6 27. Qxb6 axb4 28.
cxb4 Bc2 29. a5 Rf8 30. Na7 Rc3 31. Bd1 Nf6 32. Rxc2 Nxd5 33. Qf2 Rxc2 34. Bxc2
Nxb4 35. Bb1 Qc7 36. Nb5 Qd7 37. Nc3 Qc7 38. Qd2 Qc5+ 39. Kh1 Rd8 40. Ne4 Qd4
41. Qxd4 exd4 42. Nd2 Rc8 43. Kg1 d3 44. Re7+ Kf8 45. Rxb7 Na6 46. Rb6 Nc5 47.
Rxd6 Ke7 48. Rd4 Ra8 49. Rc4 Rxa5 50. Kf2 Rb5 51. Ke3 Ne6 52. Bxd3 Rb2 53. Rc2
Rb4 54. Ne4 Nf4 55. g3 Nd5+ 56. Kd2 Rb8 57. Nc3 Nf6 58. Be4 Ke6 59. Ra2 Rb6 60.
Kd3 Nd7 61. Ra5 Ne5+ 62. Kc2 h5 63. f4 gxf4 64. gxf4 Rb2+ 65. Kxb2 Nc4+ 66. Kb3 1-0

[Event "Oslo Open 2016"]
[Site "Fornebu NOR"]
[Date "2016.10.05"]
[Round "8.26"]
[White "Vestby-Ellingsen, Mads"]
[Black "Sajjadi, Kimiya"]
[Result "1-0"]
[WhiteElo "2084"]
[BlackElo "1877"]
[WhiteFideId "1520857"]
[BlackFideId "1516434"]
[EventDate "2016.09.30"]

1. d4 d5 2. c4 e6 3. Nc3 Be7 4. Nf3 c6 5. e4 dxe4 6. Nxe4 Nf6 7. Bd3 Nbd7 8. O-O
Nxe4 9. Bxe4 Nf6 10. Bc2 h6 11. Qd3 O-O 12. Ne5 c5 13. Ng4 Re8 14. Nxh6+ Kf8 15.
Bd1 Qxd4 16. Qxd4 cxd4 17. Ng4 Nxg4 18. Bxg4 Bd7 19. Bf4 Bf6 20. Bd6+ Kg8 21.
Rfe1 Bc6 22. Be5 Bxe5 23. Rxe5 Red8 24. Rd1 Rac8 25. b3 Kf8 26. f4 Rd6 27. Kf2
Rcd8 28. Rd3 b6 29. Bf3 Bxf3 30. Kxf3 Ke7 31. h3 f6 32. Re1 a6 33. Red1 f5 34.
Rc1 Kf6 35. h4 g6 36. Re1 Rc6 37. Re5 Rc5 38. Re2 Rc6 39. g3 a5 40. Kf2 Rcd6 41.
Ke1 Rc8 42. Kd1 Rc5 43. Red2 e5 44. fxe5+ Kxe5 45. Ke2 Rc8 46. Kf3 Rcd8 47. Re2+
Kf6 48. Kf4 Re6 49. Rxe6+ Kxe6 50. a3 Kf6 51. Rd1 Rd7 52. Kf3 Rd6 53. Re1 Rd8
54. Re2 Rd6 55. Kf2 Rd7 56. Ke1 Rd6 57. Kd2 f4 58. Rf2 g5 59. hxg5+ Kxg5 60.
Rxf4 d3 61. Rf3 a4 62. Rxd3 Rc6 63. Rd4 axb3 64. Kc3 b2 65. Kxb2 Rf6 66. Rd3 Kg4
67. Kb3 Rf1 68. Kb4 Rb1+ 69. Rb3 Rc1 70. Kb5 Rc2 71. a4 Ra2 72. Kxb6 Rxa4 73. c5
Kf5 74. c6 Ke6 75. c7 Rc4 76. Kb7 1-0

[Event "Oslo Open 2016"]
[Site "Fornebu NOR"]
[Date "2016.10.06"]
[Round "9.1"]
[White "Kovalenko, Igor"]
[Black "Dolzhykova, Kateryna"]
[Result "1-0"]
[WhiteTitle "GM"]
[BlackTitle "WIM"]
[WhiteElo "2651"]
[BlackElo "2267"]
[WhiteFideId "14117908"]
[BlackFideId "14113414"]
[EventDate "2016.09.30"]

1. c4 e5 2. Nc3 Bb4 3. Nd5 Bd6 4. d4 c6 5. Nc3 exd4 6. Qxd4 Qf6 7. Nf3 Na6 8.
Bg5 Qxd4 9. Nxd4 Be5 10. O-O-O Nc5 11. e3 f6 12. Bh4 Ne7 13. f4 Bxd4 14. exd4
Ne6 15. d5 Nxf4 16. Bg3 Neg6 17. Rd4 Kf7 18. Rxf4 Nxf4 19. Bxf4 b5 20. cxb5 cxd5
21. Nxd5 Bb7 22. Ne3 Rac8+ 23. Kd2 Be4 24. Nc4 Ke6 25. Bd3 d5 26. Nd6 Rcd8 27.
Nb7 Rc8 28. Re1 g5 29. Be3 f5 30. b4 Rc7 31. Nc5+ Kf7 32. Bxg5 Rg8 33. Bf4 Rxg2+
34. Re2 Rxe2+ 35. Bxe2 Rc8 36. a4 d4 37. Bc4+ Kg6 38. a5 Kh5 39. Be2+ Kh4 40.
Nxe4 fxe4 41. b6 axb6 42. axb6 d3 43. Bxd3 exd3 44. b7 Rc2+ 45. Kxd3 Rb2 46.
b8=Q h5 47. Qg8 1-0

[Event "Oslo Open 2016"]
[Site "Fornebu NOR"]
[Date "2016.10.06"]
[Round "9.2"]
[White "Zubov, Alexander"]
[Black "Tari, Aryan"]
[Result "1/2-1/2"]
[WhiteTitle "GM"]
[BlackTitle "GM"]
[WhiteElo "2606"]
[BlackElo "2570"]
[WhiteFideId "14109409"]
[BlackFideId "1510045"]
[EventDate "2016.09.30"]

1. d4 Nf6 2. Nf3 g6 3. Bg5 Bg7 4. c3 O-O 5. Nbd2 h6 6. Bh4 d6 7. e3 c5 8. Be2 b6
9. O-O Bb7 10. a4 a6 11. Bd3 Nbd7 12. e4 cxd4 13. cxd4 g5 14. Bg3 Nh5 15. Nb3
Nxg3 16. hxg3 e6 17. Qe2 Nb8 18. Ne1 f5 19. g4 fxg4 20. Qxg4 Qe7 21. g3 Nd7 22.
Ng2 Nf6 23. Qe2 e5 24. d5 Bc8 25. Ne3 g4 26. Rac1 b5 27. Na5 h5 28. axb5 axb5
29. Rxc8 Rfxc8 30. Nf5 Qf7 31. Nc6 Bf8 32. Nce7+ Kh8 33. Nxc8 Rxc8 34. Bxb5 Nxd5
35. Bc4 Nf4 36. Bxf7 Nxe2+ 37. Kg2 Nd4 38. Nh4 Rc2 39. Bxh5 Rxb2 40. Bxg4 Bh6
41. Kh3 Kg7 42. Nf5+ Nxf5 43. Bxf5 Kf6 44. Kg4 Rc2 45. f4 Rd2 46. Rh1 Bg7 47.
Rb1 Bh6 48. Rb6 exf4 49. gxf4 Rg2+ 50. Kf3 Rd2 51. Bg4 Ke7 52. Rb7+ Kf6 53. Bh5
Rh2 54. Rf7+ Ke6 55. f5+ Ke5 56. Re7+ Kd4 57. Bf7 Rh4 58. Bd5 Bf4 59. Ra7 Be5
60. Ra1 Rf4+ 61. Ke2 Kc5 62. Rc1+ Kb4 63. Rc4+ Kb5 64. Rc1 Kb4 65. Rc8 Kb5 66.
Ke3 Kb4 67. Rc4+ Kb5 68. Rc2 Kb4 69. Rc7 Kb5 70. Rc8 Kb4 71. Bc4 Kc3 72. Be6+
Kb4 73. Bd5 Kb5 74. Rb8+ Kc5 75. Rb1 Rh4 76. Rc1+ Kb4 77. Kf3 Rf4+ 78. Kg2 Kb5
79. Kh3 Kb4 80. Rc8 Kb5 81. Rg8 Kc5 82. Rg4 Rxg4 83. Kxg4 Bf6 84. Kh5 1/2-1/2

[Event "Oslo Open 2016"]
[Site "Fornebu NOR"]
[Date "2016.10.06"]
[Round "9.3"]
[White "Elsness, Frode"]
[Black "Chatalbashev, Boris"]
[Result "0-1"]
[WhiteTitle "IM"]
[BlackTitle "GM"]
[WhiteElo "2444"]
[BlackElo "2542"]
[WhiteFideId "1501100"]
[BlackFideId "2900440"]
[EventDate "2016.09.30"]

1. d4 d5 2. c4 Nc6 3. Nc3 Nf6 4. Nf3 dxc4 5. e4 Bg4 6. d5 Ne5 7. Bf4 Ng6 8. Be3
e5 9. Bxc4 a6 10. Be2 Bd6 11. Nd2 Bd7 12. O-O O-O 13. g3 b5 14. Rc1 Qe7 15. a4
Rfb8 16. Kg2 h6 17. f3 Nh7 18. Kh1 Ng5 19. a5 Bh3 20. Rg1 Rf8 21. Bd3 Bc5 22.
Qe2 Bd4 23. Nd1 f5 24. Rc6 fxe4 25. fxe4 Qf7 26. Re1 Bxe3 27. Nxe3 Kh7 28. Rcc1
Qd7 29. Qd1 Rf2 30. Re2 Raf8 31. Rxf2 Rxf2 32. Qe1 Rf6 33. Qe2 Ne7 34. Qe1 Nc8
35. Bf1 Nd6 36. Bg2 Qf7 37. Bxh3 Nxh3 38. Ng4 Nf2+ 39. Nxf2 Rxf2 40. Kg1 Rf6 41.
Qe2 Nb7 42. b4 Qe7 43. Rb1 c5 44. Kg2 cxb4 45. Nb3 Nd6 46. Rf1 Rxf1 47. Kxf1 Qc7
48. Ke1 Qc3+ 49. Nd2 Nc4 50. Kd1 Qa1+ 51. Kc2 Na3+ 52. Kb3 Qc3+ 53. Ka2 Qc2+ 54.
Ka1 b3 0-1